Name the members of these 4 bands - Statistics

General Stats
  • This quiz has been taken 39 times
  • The average score is 12 of 21
Answer Stats
Answer % Correct
Paul McCartney
97%
Ringo Starr
97%
Freddie Mercury
94%
John Lennon
94%
George Harrison
91%
Brian May
86%
Harry Styles
77%
Zayn Malik
69%
Benny Andersson,
66%
Björn Ulvaeus
66%
Liam Payne
57%
John Deacon
51%
Roger Taylor
51%
Louis Tomlinson
40%
Niall Horan
40%
Pete Best
40%
Agnetha Fältskog
34%
Adam Lambert
26%
Stuart Sutcliffe
26%
Anni-Frid Lyngstad
23%
Paul Rodgers
3%
No matching quizzes found
Score Distribution
Percent of People with Each Score
Percentile by Number Answered
Your Score History
You have not taken this quiz